Le Christianisme, médiéval et moderne /
محفوظ في:
المؤلف الرئيسي:
التنسيق: كتاب
اللغة: French
منشور في:
Paris :
E. Flammarion,
1922.
سلاسل:
Bibliothèque de philosophie scientifique.
الموضوعات:
الوسوم: إضافة وسم
لا توجد وسوم, كن أول من يضع وسما على هذه التسجيلة!
رقم الطلب: BR145 .G94 1922
| LEADER | 00681nam a2200229I 4500 | ||
|---|---|---|---|
| 001 | 9183 | ||
| 003 | OSt | ||
| 005 | 20251007133038.0 | ||
| 008 | 130303s1922 fr 000 0 fre d | ||
| 010 | |a 22011677 | ||
| 040 | |c ARCE Library | ||
| 050 | 4 | |a BR145 .G94 1922 | |
| 100 | 1 | |a Guignebert, Charles, |d 1867-1939, |e author |9 31206 | |
| 245 | 1 | 3 | |a Le Christianisme, médiéval et moderne / |c Charles Guignebert. |
| 264 | 1 | |a Paris : |b E. Flammarion, |c 1922. | |
| 300 | |a 323 pages ; |c 19 cm. | ||
| 490 | 0 | |a Bibliothèque de philosophie scientifique. | |
| 500 | |a At head of title : Charles Guignebert. | ||
| 650 | 0 | |a Church history. | |
| 901 | |a reviewed | ||
| 942 | |c BK |2 lcc | ||
| 999 | |c 11768 |d 11768 | ||
